| 000 | 00672nam a2200205 i 4500 | ||
|---|---|---|---|
| 001 | 177158 | ||
| 003 | ES-MaACL | ||
| 005 | 20230906220251.0 | ||
| 008 | 110307s1966 sp |||| | spa d | ||
| 080 | _a821.134.2-311.2"19" | ||
| 100 | 1 |
_aRosa, Julio M. de la. _999606 |
|
| 245 | 1 | 3 |
_aLa explosión / _cJulio M. de la Rosa. |
| 260 |
_a[Madrid] : _bLNP, _c1966. |
||
| 300 |
_a105 p. ; _c17 cm. |
||
| 490 | 1 |
_aLa novela popular. Contemporánea, inédita, española ; _v34 |
|
| 830 | 0 |
_aLa novela popular. Contemporánea, inédita, española ; _v34 _9188024 |
|
| 852 |
_aES-MaACL _jE-14580 _xOlim P-213-Ter |
||
| 852 |
_aES-MaACL _jP-409-19 |
||
| 999 |
_c177158 _d177158 |
||